• 首页
  • 本馆介绍
  • 公告通知
  • 最新文献
  • 馆藏检索
  • 电子资源
  • 读者导购
  • 参考咨询
  • 我的图书馆
  • 登录
  • 详细信息显示
  • 放入我的书架
  • 预约/预借图书
  • 作者相关作品
  • 分类相关作品
  • 丛书相关作品
  • 出版社相关作品

书目信息

  • 表格格式
  • 工作单格式
  • 卡片格式
题名:
大学生利用图书馆教程
    
 
作者: 焦芝兰 , 傅伟宣 主编
分册:  
出版信息: 石家庄   河北科学技术出版社  1998.08
页数: 328页
开本: 20cm
丛书名:
单 册:
中图分类: G258.6
科图分类:
主题词: 院校图书馆 , 学校图书馆
电子资源:
ISBN: 7-5375-1988-9
000 00611nam0 2200205 45
001 0404241630
005 20060809172631.25
010    @a7-5375-1988-9@dCNY13.80
100    @a20040424d1998 km y0chiy0120 ea
101 0  @achi
200 1  @a大学生利用图书馆教程@ADa Xue Sheng Li Yong Tu Shu Guan Jiao Cheng@f焦芝兰,傅伟宣主编@FJiao Zhi Lan,Fu Wei Xuan Zhu Bian
210    @a石家庄@c河北科学技术出版社@d1998.08
215    @a328页@d20cm
606 0  @a院校图书馆
606 0  @a学校图书馆
690    @aG258.6@v3
701  0 @a焦芝兰@4主编
701  0 @a傅伟宣@4主编
801    @aCN@bPftUser@c20060809
905    @dG258.6@e11
    
    大学生利用图书馆教程/焦芝兰,傅伟宣主编.-石家庄:河北科学技术出版社,1998.08
    328页;20cm
    
    
    ISBN 7-5375-1988-9:CNY13.80
    
●
相关链接 在E读中查询图书 在五车中查询图书 在当当中查询图书 在豆瓣中查询图书


正题名:大学生利用图书馆教程     索取号:G258.6/11         预约/预借

序号 登录号 条形码 馆藏地/架位号 状态 备注
1 0283388   002833884   密集书库/ [索取号:G258.6/11] 在馆    
2 0283389   002833893   密集书库/ [索取号:G258.6/11] 在馆    
3 0283390   002833900   密集书库/ [索取号:G258.6/11] 在馆    
4 0283391   002833919   密集书库/ [索取号:G258.6/11] 在馆    
5 0283392   002833928   第四借阅区/ [索取号:G258.6/11] 在馆    
6 0283393   002833937   密集书库/ [索取号:G258.6/11] 在馆    
7 0283394   002833946   第四借阅区/ [索取号:G258.6/11] 在馆    
8 0283395   002833955   第四借阅区/ [索取号:G258.6/11] 在馆    
9 0283396   002833964   第四借阅区/ [索取号:G258.6/11] 在馆    
10 0283397   002833973   第一样本阅览室/ [索取号:G258.6/11] 在馆    
11 0450149   204501495   密集书库/ [索取号:G258.6/11] 在馆    
唐山师范学院图书馆 欢迎您!
大连网信软件有限公司© 版权所有